Načítá se...

Computer education in india: past, present and future/

Podrobná bibliografie
Další autoři: Banerjee, Utpal K, ed
Médium: Printed Book
Jazyk:English
Vydáno: New Delhi: Concept Publishing Company, 1996.
Témata:
LEADER 00636 a2200169 4500
008 210813b ||||| |||| 00| 0 eng d
020 |a 8170226090 
041 |a eng 
082 |a 004.954 
245 |a Computer education in india:   |b past, present and future/  |c edited by Utpal K. Banerjee 
260 |a New Delhi:  |b Concept Publishing Company,  |c 1996. 
300 |a 570 Pages 
650 |a Computer Science  
700 |a Banerjee, Utpal K, ed. 
942 |c BK  |2 ddc 
999 |c 183875  |d 183875 
952 |0 0  |1 0  |2 ddc  |4 0  |6 004_954000000000000_BAN_C  |7 0  |9 203168  |a EDU  |b EDU  |c ST1  |d 2010-10-20  |i 5480  |l 1  |o 004.954 BAN/C  |p EDU5480  |r 2012-11-27  |s 2012-07-17  |w 2010-10-20  |y BK